| 000 | 00463nam a2200193Ia 4500 | ||
|---|---|---|---|
| 008 | 170918s9999 xx 000 0 und d | ||
| 020 | _a439390109 | ||
| 050 | _bT462 2000 | ||
| 100 | _aThomas, Shelley Moore | ||
| 245 | _aGood night, good knight / | ||
| 245 | _cShelley Moore Thomas. | ||
| 260 | _aNew York : | ||
| 260 | _bScholastic, | ||
| 260 | _c2000 | ||
| 300 | _a47 pages : | ||
| 300 | _bcolored illustration ; | ||
| 300 | _c21cm. | ||
| 500 | _aBR | ||
| 999 |
_c340947 _d340947 |
||